000 00389nam a2200145Ia 4500
008 230917s9999||||xx |||||||||||||| ||und||
040 _e181505
_aMAIN
041 _aEnglish
082 _a954.03 H114I
100 _aHabib, Irfan
245 0 _aMadhyakaleen Bharat ka aarthik itihas: Ek sarvekshna
260 _aNew Delhi
_bRajkamal Prakashan
_c2001
300 _aviii, 68 p.
942 _cBK
999 _c158202
_d158202